|
|
|
|
| LEADER |
02003nam a2200337 a 4500 |
| 001 |
13431858 |
| 003 |
BD-DhAAL |
| 005 |
20260513175815.0 |
| 008 |
120524r20092005njua 001 0 eng d |
| 010 |
|
|
|a 2003027110
|
| 020 |
|
|
|a 9788177582307
|
| 020 |
|
|
|a 0131118927
|
| 040 |
|
|
|a DLC
|c DLC
|d DLC
|d BD-DhAAL
|
| 082 |
0 |
0 |
|a 530.12
|2 22
|
| 100 |
1 |
|
|a Griffiths, David J.
|q (David Jeffery),
|d 1942-
|9 2901
|
| 245 |
1 |
0 |
|a Introduction to quantum mechanics /
|c David J. Griffiths.
|
| 250 |
|
|
|a Second edition.
|
| 260 |
|
|
|a Upper Saddle River, NJ ;
|a New Delhi :
|b Dorling Kindersley ;
|b Pearson Prentice Hall,
|c c2005 [Seventh impression 2009].
|
| 300 |
|
|
|a ix, 480 pages :
|b illustrations ;
|c 24 cm.
|
| 504 |
|
|
|a Includes bibliographical references and index.
|
| 541 |
1 |
|
|e 00025287
|
| 650 |
|
0 |
|a Quantum theory.
|
| 852 |
1 |
|
|a Ayesha Abed Library
|j General shelf
|
| 942 |
|
|
|2 ddc
|c BK
|
| 999 |
|
|
|c 12266
|d 12266
|
| 952 |
|
|
|0 0
|1 0
|2 ddc
|4 0
|6 530_120000000000000_GRI
|7 0
|9 20308
|a BRACUL
|b BRACUL
|c GEN
|d 2012-05-24
|e Parama
|g 450.00
|l 7
|m 97
|o 530.12 GRI
|p 3010025287
|r 2020-11-03
|s 2018-05-23
|t 1
|w 2012-05-24
|y BK
|
| 952 |
|
|
|0 0
|1 0
|4 0
|6 530_120000000000000_GRI
|7 0
|9 20309
|a BRACUL
|b BRACUL
|c GEN
|d 2012-05-24
|e Parama
|g 450.00
|l 15
|m 103
|o 530.12 GRI
|p 3010025288
|r 2025-05-05
|s 2025-01-04
|t 2
|w 2012-05-24
|y BK
|
| 952 |
|
|
|0 0
|1 0
|2 ddc
|4 0
|6 530_120000000000000_GRI
|7 0
|9 20310
|a BRACUL
|b BRACUL
|c GEN
|d 2012-05-24
|e Parama
|g 450.00
|l 15
|m 186
|o 530.12 GRI
|p 3010025289
|r 2022-06-28
|s 2022-04-06
|t 3
|w 2012-05-24
|y BK
|
| 952 |
|
|
|0 0
|1 0
|4 0
|6 530_120000000000000_GRI
|7 0
|9 20311
|a BRACUL
|b BRACUL
|c GEN
|d 2012-05-24
|e Parama
|g 450.00
|l 12
|m 117
|o 530.12 GRI
|p 3010025290
|r 2024-10-30
|s 2024-07-08
|t 4
|w 2012-05-24
|y BK
|
| 952 |
|
|
|0 0
|1 0
|4 0
|6 530_120000000000000_GRI
|7 0
|9 20312
|a BRACUL
|b BRACUL
|c GEN
|d 2012-05-24
|e Parama
|g 450.00
|l 12
|m 186
|o 530.12 GRI
|p 3010025291
|r 2020-01-13
|s 2019-05-19
|t 5
|w 2012-05-24
|y BK
|
| 952 |
|
|
|0 0
|1 0
|4 0
|6 530_120000000000000_GRI
|7 0
|9 20313
|a BRACUL
|b BRACUL
|c GEN
|d 2012-05-24
|e Parama
|g 450.00
|l 10
|m 136
|o 530.12 GRI
|p 3010025292
|r 2025-05-05
|s 2024-09-11
|t 6
|w 2012-05-24
|y BK
|